000 01043cab a2200277 4500
001 WB3232-42
008 090401t1996 xxu||||| |||| 00| 0 eng d
035 _a(Sirsi) u73833
041 _aeng
245 _aReal earnings a better guide to housing sales
260 _c1996
350 _a0
490 _aConstruction News
_v29 August 1996, 9(1)
490 _aBuilding
_v261(7944) 30 August 1996, 10(1)
520 _aA report by Credit Lyonnais Laing suggests that real earnings provide a better guide to housing market activity than traditional methods. It also warns that land price rises will lower housebuilders` profits once activity strengthens.
650 _aCREDIT LYONNAIS LAING
650 _aPROPERTY-RESIDENTIAL PROPERTY-ACQUISITION AND DISPOSAL OF RESIDENTIAL PROPERTY
650 _aHOUSING MARKET
650 _aPROFITS
650 _aREAL EARNINGS
650 _aREPORT
690 _aECONOMIC AND SOCIAL
690 _aPROPERTY-RESIDENTIAL PROPERTY-RESIDENTIAL PROPERTY MARKET
942 _n0
948 _c04/03/1997
999 _c46604
_d46604